[Event "CRO-chT3 West"]
[Site "Croatia"]
[Date "2010.10.23"]
[Round "7.56"]
[White "Valkovic, Valter"]
[Black "Mitrovic, Nikola"]
[Result "1/2-1/2"]
[WhiteElo "1835"]
[BlackElo "1862"]
[PlyCount "69"]
[EventDate "2010.03.27"]
[EventType "team-tourn"]
[EventRounds "9"]
[EventCountry "CRO"]
[SourceTitle "EXT 2012"]
[Source "ChessBase"]
[SourceDate "2011.11.24"]
[SourceVersion "1"]
[SourceVersionDate "2011.11.24"]
[SourceQuality "1"]

1. e4 c5 2. Nf3 e6 3. Nc3 a6 4. d4 cxd4 5. Nxd4 Qc7 6. Bd3 Nc6 7. Nxc6 dxc6 8. 0-0 Bd6 9. f4 Bc5+ 10. Kh1 Nf6 11. e5 Nd5 12. Ne4 Be7 13. a3 b5 14. b3 Bb7 15. Qh5 g6 16. Qh3 0-0-0 17. c4 Nb6 18. c5 Nd5 19. Nd6+ Bxd6 20. cxd6 Qb6 21. Bd2 h5 22. Rac1 Qd4 23. Ba5 Rd7 24. Qf3 Ne3 25. Rfe1 Ng4 26. Re2 c5 27. Qg3 h4 28. Qxg4 h3 29. Be4 Bxe4 30. Rxe4 Qxe4 31. Qf3 hxg2+ 32. Qxg2 Qxg2+ 33. Kxg2 Kb7 34. Kg3 Kc6 35. h4 1/2-1/2

[Event "CRO-chT U20 16th"]
[Site "Sv Filip i Jakov"]
[Date "2007.04.13"]
[Round "8"]
[White "Mitrovic, Nikola"]
[Black "Greb, Nikola"]
[Result "1/2-1/2"]
[WhiteElo "1979"]
[BlackElo "1901"]
[PlyCount "69"]
[EventDate "2007.04.10"]
[EventType "team-tourn"]
[EventRounds "11"]
[EventCountry "CRO"]
[SourceTitle "EXT 2010"]
[Source "ChessBase"]
[SourceDate "2010.11.25"]
[SourceVersion "1"]
[SourceVersionDate "2010.11.25"]
[SourceQuality "1"]

1. d4 d5 2. c4 c6 3. Nc3 Nf6 4. e3 a6 5. Bd3 b5 6. b3 Bb7 7. Nf3 Nbd7 8. 0-0 e6 9. a4 b4 10. Ne2 a5 11. Ng3 Bd6 12. Bb2 0-0 13. Rc1 Rc8 14. Qe2 c5 15. cxd5 exd5 16. Rc2 Qe7 17. Rfc1 Bxg3 18. hxg3 Rc7 19. Ne5 Nxe5 20. dxe5 Nd7 21. Qh5 g6 22. Qh6 Rfc8 23. e6 fxe6 24. f4 Qf8 25. Qg5 Qf7 26. Kf2 Nf8 27. Be5 c4 28. bxc4 b3 29. Rb2 dxc4 30. Bxc7 cxd3 31. Qxa5 e5 32. Rc3 exf4 33. gxf4 Qe7 34. Qe5 Qh4+ 35. Kg1 1/2-1/2

[Event "CRO-chT U20 16th"]
[Site "Sv Filip i Jakov"]
[Date "2007.04.12"]
[Round "6"]
[White "Mitrovic, Nikola"]
[Black "Sagi, Franko"]
[Result "1/2-1/2"]
[WhiteElo "1979"]
[BlackElo "2043"]
[PlyCount "44"]
[EventDate "2007.04.10"]
[EventType "team-tourn"]
[EventRounds "11"]
[EventCountry "CRO"]
[SourceTitle "EXT 2010"]
[Source "ChessBase"]
[SourceDate "2010.11.25"]
[SourceVersion "1"]
[SourceVersionDate "2010.11.25"]
[SourceQuality "1"]

1. d4 d5 2. c4 Nc6 3. Nc3 e6 4. Nf3 Nf6 5. Bg5 Be7 6. e3 0-0 7. Be2 h6 8. Bh4 Nh7 9. Bxe7 Nxe7 10. 0-0 c6 11. b4 Re8 12. Rc1 dxc4 13. Bxc4 Nd5 14. Qb3 Nxc3 15. Rxc3 Nf6 16. Nd2 a5 17. b5 cxb5 18. Bxb5 Bd7 19. a4 Bxb5 20. Qxb5 Qd5 21. Qxd5 Nxd5 22. Rc4 Rac8 1/2-1/2

[Event "CRO-chT U20 15th"]
[Site "Sv Filip i Jakov"]
[Date "2006.04.23"]
[Round "9"]
[White "Mitrovic, Nikola"]
[Black "Miletic, Luka"]
[Result "1-0"]
[WhiteElo "1946"]
[BlackElo "1835"]
[PlyCount "89"]
[EventDate "2006.04.18"]
[EventType "team-tourn"]
[EventRounds "9"]
[EventCountry "CRO"]
[SourceTitle "CBM 111 Extra"]
[Source "ChessBase"]
[SourceDate "2006.05.09"]
[SourceVersion "1"]
[SourceVersionDate "2006.05.09"]
[SourceQuality "1"]

1. d4 d5 2. c4 dxc4 3. Nc3 Nf6 4. Bf4 e6 5. e3 Bd6 6. Bxd6 cxd6 7. Bxc4 d5 8. Bd3 0-0 9. Nf3 Nc6 10. Qb3 a6 11. 0-0 b5 12. Rfc1 Bb7 13. Rc2 Na5 14. Qb4 Nc6 15. Qb3 Na5 16. Qa3 Rc8 17. b3 Nc6 18. b4 Qd6 19. Rb1 Rc7 20. Bxb5 axb5 21. Nxb5 Qe7 22. Nxc7 Qxc7 23. b5 Qa5 24. Qxa5 Nxa5 25. Ne5 Ne4 26. Nd7 Rd8 27. Nc5 Nxc5 28. dxc5 Nc4 29. Rb3 Ra8 30. c6 Bc8 31. b6 Ba6 32. b7 Bxb7 33. cxb7 Rb8 34. e4 g5 35. exd5 exd5 36. a4 Kg7 37. Rb1 Nd6 38. a5 Rxb7 39. Rxb7 Nxb7 40. a6 Nd6 41. a7 Nb5 42. a8Q d4 43. Qd5 Na3 44. Qxd4+ f6 45. Rc7+ 1-0

[Event "CRO-chT U20 15th"]
[Site "Sv Filip i Jakov"]
[Date "2006.04.18"]
[Round "2"]
[White "Mitrovic, Nikola"]
[Black "Runjic, Bartul"]
[Result "0-1"]
[WhiteElo "1946"]
[BlackElo "1728"]
[PlyCount "68"]
[EventDate "2006.04.18"]
[EventType "team-tourn"]
[EventRounds "9"]
[EventCountry "CRO"]
[SourceTitle "CBM 111 Extra"]
[Source "ChessBase"]
[SourceDate "2006.05.09"]
[SourceVersion "1"]
[SourceVersionDate "2006.05.09"]
[SourceQuality "1"]

1. d4 Nf6 2. c4 e6 3. Nc3 c5 4. d5 exd5 5. cxd5 d6 6. Nf3 g6 7. Bf4 Bg7 8. e4 0-0 9. Bd3 a6 10. 0-0 Qc7 11. Rc1 b5 12. b3 Nh5 13. Be3 Bg4 14. h3 Bxf3 15. Qxf3 Nd7 16. Qe2 Ne5 17. Rfe1 Rfe8 18. g4 Nf6 19. Bf4 Rab8 20. Bxe5 Rxe5 21. f4 Ree8 22. e5 Nd7 23. e6 b4 24. Nd1 fxe6 25. dxe6 Bd4+ 26. Nf2 d5 27. f5 Qg3+ 28. Kf1 Ne5 29. f6 Nf3 30. f7+ Kg7 31. fxe8N+ Rxe8 32. Qxf3 Qxf3 33. Rc2 Bxf2 34. Rxf2 Qh1+ 0-1